000 00674nam a22002537a 4500
003 UA-OsUOA
001 79896
007 ta
008 20111123b un ||||| |||| 00| 0 ukr d
100 _aФейхтвангер Л.
090 _a821.161.1
_bФ36
942 _cBK
040 _aUA-OsUOA
_brus
_cUA-OsUOA
_dUA-OsUOA
245 _aСобрание сочинений
_bв 6-ти т.
_n6
300 _a767 с.
955 _a3
041 _arus
080 _a821.161.1
020 _a5-280-00812-7
260 _aМ.
_bХудож. лит.
_c1989
246 3 1 _aкн.1
_n
650 7 _a82 Література. Літературознавство
_2UDC
999 _c366214
_d366214